| 000 | 00390nam a2200181Ia 4500 | ||
|---|---|---|---|
| 001 | 3731 | ||
| 005 | 20260306145705.0 | ||
| 008 | 260306t2009||||xx |||||||||||||| ||spa|| | ||
| 041 | _aESP | ||
| 082 |
_a302.2 _bV937 |
||
| 100 |
_aVerderber, Rudolph F _eAUT |
||
| 245 | 0 | _a¡Comunícate! | |
| 260 | _c2009 | ||
| 300 |
_a _c |
||
| 650 | _aGEN | ||
| 654 | _aCED | ||
| 942 |
_cLIB _dJUS _fJUS _2ddc _n |
||
| 999 |
_c3731 _d3731 |
||